Brazilian 13 biggest teams - Statistics

General Stats
  • This quiz has been taken 1,434 times
  • The average score is 11 of 13
Answer Stats
Hint Answer % Correct
F Flamengo
95%
S Santos
91%
S São Paulo
90%
C Corinthians
89%
F Fluminense
88%
P Palmeiras
88%
V Vasco
84%
G Grêmio
83%
B Botafogo
81%
I Internacional
79%
A Atlético Mineiro
78%
C Cruzeiro
74%
B Bahia
67%
No matching quizzes found
Score Distribution
Percent of People with Each Score
Percentile by Number Answered
Your Score History
You have not taken this quiz